000 00639nam a2200217 a 4500
001 18092
003 CO-ViMGA
008 141112s2004 ck r 000 u spa d
020 _a9587040236
040 _aCO-ViMGA
_bspa
_cCO-ViMGA
082 0 4 _a364 G653m
100 1 _aGómez Nadal, Paco
_925727
245 1 0 _aLos muertos no hablan
260 _aBogotá,
_cAguilar,
_c2002
300 _a231.p.
590 _aForma de adquisición : Premio - Mincultura
650 1 4 _aDERECHOS HUMANOS - COLOMBIA
650 1 4 _aGENOCIDIO - BOJAYA - CHOCO - COLOMBIA
_925728
650 1 4 _aGUERRILLEROS - BOJAYA - CHOCO - COLOMBIA
_925729
942 _2ddc
_cBK
999 _c27468
_d27468